Catàleg del Col·legi de Periodistes de Catalunya

La revue de presse (Registre núm. 2334)

000 -CABECERA
Longitud fija campo de control 00553nam a2200193 a 4500
001 - NÚMERO DE CONTROL
Número de control 2334
003 - IDENTIFICADOR DEL NÚMERO DE CONTROL
Identificador del número de control CDMR
005 - FECHA Y HORA DE LA ÚLTIMA TRANSACCIÓN
Fecha y hora de la última transacción 20131126141955.0
008 - CÓDIGOS DE INFORMACIÓN DE LONGITUD FIJA
Códigos de información de longitud fija 130130s1971||||||||||||||||||||||||||||d
040 ## - FUENTE DE LA CATALOGACIÓN
Centro catalogador de origen CDMR
Lengua de catalogación cat
Centro transcriptor CDMR
100 1# - PUNTO DE ACCESO PRINCIPAL-NOMBRE DE PERSONA
Nombre de persona Bazin, Jean François
9 (RLIN) 1751
245 13 - MENCIÓN DE TÍTULO
Título La revue de presse
Mención de responsabilidad, etc. Jean-François Bazin
260 ## - PUBLICACIÓN, DISTRIBUCIÓN, ETC. (PIE DE IMPRENTA)
Lugar de publicación, distribución, etc. Paris
Fecha de publicación, distribución, etc. 1971
Nombre del editor, distribuidor, etc. Chotard et Associés
300 ## - DESCRIPCIÓN FÍSICA
Extensión 133 p.
490 0# - MENCIÓN DE SERIE
Mención de serie L'expression au service de l'homme
650 04 - PUNTO DE ACCESO ADICIONAL DE MATERIA - TÉRMINO DE MATERIA
9 (RLIN) 2798
Término de materia o nombre geográfico como elemento inicial Comunicació en l'empresa
650 04 - PUNTO DE ACCESO ADICIONAL DE MATERIA - TÉRMINO DE MATERIA
9 (RLIN) 3564
Término de materia o nombre geográfico como elemento inicial Periodisme
Subdivisión de materia general Fonts d'informació
942 ## - ENTRADA DE ELEMENTOS AGREGADOS (KOHA)
Koha [por defecto] tipo de item Monografies
Fuente de clasificaión o esquema
Fons
Suprimido Perdido Estropeado No para préstamo Localización permanente Localización actual Fecha adquisición Préstamos totales Signatura completa Código de barras Fecha última consulta Fecha del precio de reemplazo Tipo de item de Koha
        Centre de Documentació Montserrat Roig Centre de Documentació Montserrat Roig 2013-11-05   Cm 3/27 CDMR13119392 2013-11-05 2013-11-05 Monografies

Implantat amb Koha